| 000 | 00705cam a22002413a 4500 | ||
|---|---|---|---|
| 001 | 3290 | ||
| 003 | PGUSA | ||
| 005 | 20140828083030.0 | ||
| 008 | 020601s2002||||xxu|||||s|||||000 | eng d | ||
| 040 |
_aPGUSA _beng |
||
| 042 | _adc | ||
| 050 | 4 | _aB | |
| 100 | 1 |
_aBacon, Francis, _d1561-1626 |
|
| 245 | 1 | 0 |
_aValerius Terminus : _bOf the Interpretation of Nature _h[electronic resource] / _cFrancis Bacon |
| 260 |
_bProject Gutenberg, _c2002 |
||
| 506 | _aPublic domain in the USA. | ||
| 516 | _aElectronic text | ||
| 653 | _aScience -- Methodology | ||
| 700 | 1 |
_aEllis, Robert Leslie, _d1817-1859 |
|
| 830 | 0 |
_aProject Gutenberg _v3290 |
|
| 856 | 4 | 0 | _uhttp://www.gutenberg.org/ebooks/3290 |
| 942 | _cEB | ||
| 999 |
_c232619 _d232619 |
||